Hồi ký trường sơn
Đã lưu trong:
| Formáid: | Leabhar |
|---|---|
| Teanga: | Undetermined |
| Foilsithe: |
Hà Nội
Công an Nhân dân
2005
|
| Ábhair: | |
| Clibeanna: |
Cuir Clib Leis
Gan Chlibeanna, Bí ar an gcéad duine leis an taifead seo a chlibeáil!
|
| Thư viện lưu trữ: | Trung tâm Học liệu Trường Đại học Cần Thơ |
|---|
| LEADER | 00535nam a2200205Ia 4500 | ||
|---|---|---|---|
| 001 | CTU_74076 | ||
| 008 | 210402s9999 xx 000 0 und d | ||
| 020 | |b 45000 | ||
| 082 | |a 895.9223081 | ||
| 082 | |b H452 | ||
| 245 | 0 | |a Hồi ký trường sơn | |
| 260 | |a Hà Nội | ||
| 260 | |b Công an Nhân dân | ||
| 260 | |c 2005 | ||
| 650 | |a Vietnamese literature | ||
| 650 | |x Short stories | ||
| 650 | |y 1945-1975 | ||
| 650 | |z Vietnamese | ||
| 904 | |i Năm | ||
| 980 | |a Trung tâm Học liệu Trường Đại học Cần Thơ | ||